000 00957nam1a22002891 4500
001 v19\rc\1880691
005 20251118180320.7
035 _a(NLR Aleph) 004970219
090 _a6076764
_c6076764
100 _a20251123 rusy50
101 0 _arus
102 _aRU
105 _a j |||||
200 1 _aОрганизационные планы хозяйств при сельскохозяйств. учебных заведениях
_eВып. 1
_fГУЗ и З. деп. земледелия
210 _aСанкт-Петербург
_cтип. В.Ф. Киршбаума
_d1910-1914
215 _d24
801 0 _aRU
_bNLR
_gpsbo
801 0 _aRU
_bRuMoRGB
_2psbo
801 1 _aRU
_bProSoft-M
_2rusmarc
852 _aNLR
_j38.79.6.10
899 _aБАН
_y(1-4)
899 _aНБ СПбГУ
_y(6)
899 _aНБ МГУ
_y(3-4, 6)
899 _aRuMoRGB
_jЯ 31/182
_y(1-4)
899 _aRuMoRGB
_jU 59/151
_y(1-4)
942 _cBOOK
980 _aNB